[Event "USA-ch Women 2020"]
[Site "Saint Louis"]
[Date "2020.10.22"]
[Round "4.6"]
[White "Foisor, Sabina-Francesca"]
[Black "Nguyen, Emily"]
[Result "1-0"]
[WhiteElo "2228"]
[BlackElo "2280"]
[Annotator "TA"]
[PlyCount "113"]
[EventDate "2020.10.21"]
[EventType "tourn"]
[EventCountry "USA"]
[SourceTitle "playchess.com"]
[Source "ChessBase"]
[SourceQuality "1"]

{[%evp 11,113,15,16,24,47,48,33,21,27,19,27,19,17,0,0,0,0,0,0,0,0,-15,46,0,0,-7,0,0,75,84,154,150,147,142,141,145,185,184,208,135,135,97,109,50,86,47,47,47,48,47,54,25,29,0,38,0,111,0,0,0,0,0,0,0,17,0,0,0,0,0,0,0,0,0,0,0,0,0,0,0,0,0,0,0,0,0,0,0,0,0,0,0,0,0,12846,12840,12842,12843,12843,12843,12848,12848,12850,12850]} 1. d4 d5 2. Nf3 Nf6 3. Bf4 c5 4. e3 Nc6 5. Nbd2 Bg4 6. c3 e6 7. Qb3 {D02: 1 d4 d5 2 Nf3 sidelines, including 2...Nf6 3 g3 and 2...Nf6 3 Bf4.} Qb6 8. Qxb6 axb6 9. Bb5 {White is slightly better.} Nd7 10. O-O Be7 11. h3 Bh5 {[#]} 12. c4 $146 ({Predecessor:} 12. Ne5 Ndb8 13. Rfe1 O-O 14. Nef3 Rc8 15. a4 f5 16. c4 Na6 17. Rac1 Nab4 18. Rc3 {0-1 (54) Richter,H (1881)-Schumacher,G (2216) Bad Sooden 2012}) 12... O-O 13. g4 Bg6 14. cxd5 exd5 15. a3 Ra5 16. Be2 Ra4 (16... h6 $11) 17. Bd1 Raa8 18. Rc1 cxd4 19. Nxd4 Nxd4 (19... Nc5 $11 20. N2f3 Bf6) 20. exd4 $16 Rac8 ({Black should play} 20... Nb8) 21. Bb3 $36 {[%mdl 2048] White is really pushing.} Nf6 22. Rfe1 Rxc1 23. Rxc1 h5 24. g5 Ne4 25. Nf3 ({Weaker is} 25. Bxd5 Bxg5 26. Bxg5 Nxg5 $11) 25... Rd8 26. h4 Bf5 27. Ne5 (27. Kg2 $16) 27... Bd6 28. Nd3 Nxf2 29. Kxf2 {Bxd6 is the strong threat.} Bxd3 30. Bxd6 Rxd6 $14 {[%mdl 4096] Endgame KRB-KRB} 31. Rc8+ Kh7 32. Rc7 Kg6 33. Rxb7 Be4 {[#]} (33... f6 $1 $11) 34. Kg3 (34. Ba4 $1 $16) 34... f6 $11 35. gxf6 Rxf6 {And now ...Rf3+ would win.} 36. Bd1 Kh6 $1 37. Rb8 g6 38. Be2 Rc6 39. Bf3 Bxf3 40. Kxf3 {KR-KR} Re6 41. Rd8 Re4 {[%mdl 64] [#] Double Attack} 42. Rxd5 Rxh4 43. Rd8 Rh2 44. b4 Rh3+ 45. Ke4 Rxa3 46. d5 Ra1 (46... Rb3 {with more complications.} 47. d6 Rxb4+ 48. Kd5 Kg5 49. Rh8 Rb5+) 47. d6 Rd1 48. Ke5 Kg5 49. Rh8 h4 50. Ke6 {aiming for d7.} Re1+ 51. Kd5 {Hoping for d7.} Rd1+ 52. Kc6 {Threatens to win with d7.} Kf6 $2 {[%mdl 8192]} (52... Rc1+ $11 53. Kxb6 Rd1) 53. Rxh4 {White is clearly winning.} Ke6 54. Re4+ Kf5 55. Re8 g5 56. d7 g4 57. d8=Q {Av CentiPawn Loss W=-9/B=-32. Weighted=-13/-36} 1-0

[Event "USA-ch Women 2020"]
[Site "Saint Louis"]
[Date "2020.10.22"]
[Round "5.1"]
[White "Nguyen, Emily"]
[Black "Cervantes Landeiro, Thalia"]
[Result "1-0"]
[WhiteElo "2280"]
[BlackElo "2311"]
[Annotator "TA"]
[PlyCount "59"]
[EventDate "2020.10.21"]
[EventType "tourn"]
[EventCountry "USA"]
[SourceTitle "playchess.com"]
[Source "ChessBase"]
[SourceQuality "1"]

{[%evp 21,59,30,94,36,42,16,11,23,25,39,33,0,0,0,0,0,0,-3,367,359,1070,1065,1087,1087,1079,1082,1069,1072,1442,1424,1278,1326,2354,2038,29969,29966,5473,3610,5485,3144]} 1. d4 d5 2. c4 dxc4 3. Nf3 Nf6 4. e3 e6 5. Bxc4 c5 6. O-O Nc6 7. Qe2 a6 8. Rd1 b5 9. dxc5 Qc7 10. Bd3 Bxc5 {10...Nb4 is more fashionable.} 11. a4 b4 {[#] has lost popularity (11...bxa4).} (11... bxa4 $11 {remains equal.} 12. Rxa4 Bb7) 12. Nbd2 {D28: Queen's Gambit Accepted: Classical main line: 7 Qe2 with early ...Nc6.} (12. b3 $1 $16) 12... Bb7 13. b3 {[#]} Nd5 $146 ({Predecessor:} 13... O-O 14. Bb2 Be7 15. Rac1 Nd5 16. Ne4 Qa5 17. Neg5 h6 18. Bh7+ Kh8 19. Bb1 Bxg5 20. Nxg5 {½-½ (57) Riess,A (2208)-Grabarczyk,M (2445) Lueneburg 2016}) 14. Bb2 {The position is equal.} Nc3 15. Bxc3 bxc3 16. Ne4 Bb4 17. Rac1 Ne5 18. Nxe5 Qxe5 19. Qg4 $36 {[%mdl 2048] White fights for an advantage.} O-O $2 {[%mdl 8192] [#] This costs Black the game.} (19... Bxe4 $1 $11 {and Black is okay.} 20. Bxe4 Rb8) 20. Ng5 $1 $18 {[%mdl 64] Discovered Attack} Be7 $2 (20... h6) 21. Qh5 {[%csl Gd3,Gg5][%cal Rh5h7]} h6 22. Bh7+ Kh8 23. Nxf7+ {[%mdl 64] Discovered Attack} Rxf7 24. Qxe5 Kxh7 25. Qxe6 Raf8 26. Rd7 {[%mdl 64] Double Attack} Rxf2 27. Rxb7 Ba3 {[#]} 28. Qd7 $1 {[%csl Gb7][%cal Rd7g7]} R2f7 29. Qd3+ {[%mdl 64] Double Attack} Kg8 30. Rxf7 {Av CentiPawn Loss W=-25/B=-137. Weighted=-15/-233} 1-0

[Event "USA-ch Women 2020"]
[Site "Saint Louis"]
[Date "2020.10.22"]
[Round "5.2"]
[White "Eswaran, Ashritha"]
[Black "Foisor, Sabina-Francesca"]
[Result "1-0"]
[WhiteElo "2244"]
[BlackElo "2228"]
[Annotator "TA"]
[PlyCount "119"]
[EventDate "2020.10.21"]
[EventType "tourn"]
[EventCountry "USA"]
[SourceTitle "playchess.com"]
[Source "ChessBase"]
[SourceQuality "1"]

{[%evp 17,119,26,36,0,16,10,45,31,39,0,0,-21,-16,-21,0,-16,0,8,0,9,40,0,0,0,0,0,23,0,20,11,12,-72,10,9,157,156,125,117,29971,142,150,105,111,110,118,68,103,103,105,59,61,62,53,52,52,48,102,99,111,111,97,54,49,50,85,85,126,127,105,80,111,111,145,95,122,85,905,831,1004,959,12835,12835,12835,12832,12841,12841,12843,12844,12844,12845,12845,12845,12846,12845,12846,12845,12846,12846,12847,12847,12849,12850,27999,27999]} 1. e4 e5 2. Nf3 Nf6 3. Nxe5 d6 4. Nf3 Nxe4 5. d4 d5 6. Bd3 Bd6 7. O-O O-O 8. c4 c6 9. Qc2 Nf6 10. Nc3 {C42: Petroff Defence: 3 Nxe5 and unusual White 3rd moves.} dxc4 11. Bxc4 Nbd7 12. Re1 {White is slightly better.} Nb6 13. Bd3 h6 14. Ne5 Be6 15. Bd2 Nbd5 {[#]} 16. Nxd5 $146 ({Predecessor:} 16. Qd1 Nxc3 17. bxc3 Bxe5 18. dxe5 Qxd3 19. exf6 Rad8 20. Be3 Qxc3 21. fxg7 Qxg7 22. Qf3 Bd5 23. Qh3 Kh7 24. a3 {0-1 (33) Muhren,Y (1588)-Van Vliembergen,M (1723) Hilversum 2008}) 16... Bxd5 17. Re3 Re8 18. Rae1 Be6 19. Rf3 (19. Rg3 $5 {[%cal Rd2h6]}) 19... Bc7 20. Qc3 Bb6 21. Qc1 Bxd4 {And now ...Bd5 would win.} 22. Bxh6 $1 Ng4 (22... Nh5 {seems wilder.} 23. Bd2 Bd5 24. Rh3 Qd6 25. Rxh5 Rxe5 26. Rexe5 Bxe5 27. Bh7+ Kf8) 23. Nxg4 Bxg4 24. Rxe8+ Qxe8 25. Rg3 gxh6 (25... Qd7 $11 {remains equal.}) 26. Rxg4+ $16 {[%mdl 64] Double Attack} Bg7 27. Qxh6 {[%csl Gg4][%cal Rh6g7]} Qe1+ 28. Bf1 {[%csl Gg4][%cal Rh6g7]} Qe5 29. h3 Rd8 30. Qh4 Re8 31. Bd3 Kf8 32. b3 Qe1+ 33. Kh2 Be5+ 34. f4 {Hoping for Qh6+.} Qxh4 35. Rxh4 $14 {[%mdl 4096] Endgame KRB-KRB} Bf6 36. Rg4 Rd8 ({Black should play} 36... b5 $14) 37. Rg3 $16 Rd4 38. Rf3 $1 a6 39. g4 Bh4 40. Kg2 f6 41. Kf1 b5 42. Ke2 $1 c5 43. g5 Kg7 {[#]} 44. g6 $1 c4 45. Bc2 a5 46. Re3 {aiming for Re7+.} Rxf4 $2 {[%mdl 8192]} (46... f5 $16) 47. Re7+ $18 Kf8 {[#]} 48. g7+ $1 Kg8 49. Be4 Rxe4+ 50. Rxe4 {KR-KB} Bg5 51. bxc4 bxc4 52. Rxc4 Kxg7 53. Ra4 Kg6 54. Rxa5 Bf4 55. Kf3 Bh2 56. Rd5 f5 57. a4 {[%cal Ba2a4,Ba4a5,Ba5a6,Ba6a7][%mdl 32]} Kf6 58. a5 Ke6 59. a6 Kxd5 60. a7 {Av CentiPawn Loss W=-32/B=-73. Weighted=-21/-90} 1-0

[Event "USA-ch Women 2020"]
[Site "Saint Louis"]
[Date "2020.10.22"]
[Round "5.3"]
[White "Zatonskih, Anna"]
[Black "Abrahamyan, Tatev"]
[Result "1/2-1/2"]
[WhiteElo "2420"]
[BlackElo "2358"]
[Annotator "TA"]
[PlyCount "69"]
[EventDate "2020.10.21"]
[EventType "tourn"]
[EventCountry "USA"]
[SourceTitle "playchess.com"]
[Source "ChessBase"]
[SourceQuality "1"]

{[%evp 12,69,27,-10,49,40,43,43,31,40,55,40,36,-7,59,68,63,74,75,62,63,60,83,59,61,60,83,18,33,32,34,34,49,0,0,0,0,0,0,0,0,0,0,0,0,0,0,0,0,0,0,0,0,0,0,0,0,0,0,0]} 1. Nf3 Nf6 2. c4 e6 3. g3 d5 4. Bg2 dxc4 5. Qa4+ Nbd7 6. Qxc4 c5 7. Qc2 Be7 {A13: English Opening: 1...e6.} (7... b6 $11) 8. O-O $14 O-O 9. d4 cxd4 {White is slightly better.} 10. Nxd4 Nc5 11. Rd1 {[#] aiming for Nxe6!} Bd7 $146 ({Predecessor:} 11... Qb6 12. Nc3 Bd7 13. Nb3 Bc6 14. Be3 Bxg2 15. Kxg2 Qc6+ 16. Kg1 Nxb3 17. Qxb3 Ng4 18. Rd3 Nxe3 19. Rxe3 Rfd8 {½-½ (19) MacPherson,H-Lee,P Portsmouth (Southsea) 1976}) 12. b4 Na6 ({Black should play} 12... Ba4 $11 13. Nb3 Ncd7) 13. a3 Rc8 14. Nc3 Qc7 {[#] Hoping for ...e5.} 15. Bb2 Nb8 16. Rac1 Nc6 17. Nxc6 Bxc6 18. Ne4 Qb8 {[#] Strongly threatening ...Bxe4.} 19. Bxf6 ({White should try} 19. Nxf6+ $16 Bxf6 20. Bxf6 (20. Bxc6 Rxc6 21. Qb1 Rxc1 $11) 20... gxf6 21. Qb2 (21. Bxc6 Rxc6 22. Qb2 Rxc1 $14) 21... Bxg2 22. Kxg2) 19... Bxe4 20. Qxe4 Rxc1 21. Rxc1 Bxf6 22. Qxb7 Qxb7 {The position is equal.} 23. Bxb7 $16 {[%mdl 4096] Endgame KRB-KRB} Bb2 24. Rc7 Bxa3 25. b5 Bd6 26. Rc6 Rd8 27. Kg2 Kf8 28. Rc8 Rxc8 29. Bxc8 $11 {KB-KB} Ke7 30. Bb7 Bc5 31. Bc6 Kd6 32. Be8 Ke7 33. Bc6 Kd6 34. Be8 Ke7 35. Bc6 {Av CentiPawn Loss W=-7/B=-7. Weighted=-6/-8} 1/2-1/2

[Event "USA-ch Women 2020"]
[Site "Saint Louis"]
[Date "2020.10.22"]
[Round "5.4"]
[White "Yip, Carissa"]
[Black "Derakhshani, Dorsa"]
[Result "1/2-1/2"]
[WhiteElo "2421"]
[BlackElo "2270"]
[Annotator "TA"]
[PlyCount "112"]
[EventDate "2020.10.21"]
[EventType "tourn"]
[EventCountry "USA"]
[SourceTitle "playchess.com"]
[Source "ChessBase"]
[SourceQuality "1"]

{[%evp 9,112,17,19,17,16,12,33,14,20,28,25,32,8,18,15,0,0,-26,0,-11,0,-4,-7,-14,0,9,10,0,0,-7,-6,-6,-6,-6,-6,-4,-10,-11,-6,-35,0,0,0,0,0,0,0,0,7,8,3,0,0,0,0,0,0,0,0,0,0,0,0,0,0,0,0,0,0,0,0,0,0,0,0,0,0,0,0,0,0,0,0,0,0,0,0,0,0,0,0,0,0,0,0,0,0,0,0,0,0,0,0,0,0]} 1. e4 e5 2. Nf3 Nc6 3. Bc4 Bc5 4. O-O Nf6 5. d3 a6 6. a4 {C50: Hungarian Defence and Giuoco Pianissimo.} d6 7. c3 Ba7 8. Re1 {White is slightly better.} h6 9. Nbd2 Ne7 10. Nf1 Ng6 11. Ng3 O-O 12. d4 {[#]} Bg4 $146 ({Predecessor:} 12... c6 13. Bd3 Bg4 14. Be2 Re8 15. h3 Bxf3 16. Bxf3 d5 17. exd5 Nxd5 18. dxe5 Nxe5 19. Bxd5 Qxd5 20. Qxd5 cxd5 {1-0 (42) Grischuk,A (2764)-Wen,Y (2586) China 2019}) 13. Be3 (13. Be2 {is interesting.} Re8 14. h3 Bxf3 15. Bxf3 d5 16. exd5 exd4 17. Rxe8+ Qxe8 18. cxd4 Qd7 19. Be3) 13... exd4 (13... Nxe4 $5 14. Nxe4 d5 $11) 14. Bxd4 Bxd4 15. cxd4 d5 16. exd5 Nxd5 17. h3 Be6 18. Rc1 c6 19. Ne4 Ndf4 20. Bxe6 Nxe6 21. Qb3 Ngf4 22. Rcd1 Rb8 23. Nc5 Qe7 24. Ne5 {[#] And now Ned7 would win.} Qg5 {[%csl Gf4][%cal Rg5g2]} 25. Qg3 {Hoping for Qxg5.The position is equal.} Nxc5 26. dxc5 {Black must now prevent Qxg5.} Rbd8 {Strongly threatening ...Rxd1.} 27. Qxg5 hxg5 28. g3 Ne6 29. Nd7 Rfe8 30. b4 a5 31. b5 Nf8 32. Rxe8 Rxe8 33. Nxf8 Kxf8 $11 {[%mdl 4096] Endgame KR-KR} 34. Rd7 Re7 35. Rd8+ Re8 36. Rd6 cxb5 37. axb5 Rc8 38. c6 bxc6 39. bxc6 Ke7 40. Rd7+ Ke6 41. Ra7 Rxc6 42. Rxa5 Kf6 43. Kg2 Kg6 44. Rd5 f6 45. Kf3 Rc2 46. Rb5 $1 Ra2 47. Rb4 Rc2 48. Rd4 Ra2 49. Rc4 Rb2 50. Rc7 Ra2 51. Rb7 Rc2 52. Rd7 Ra2 53. Rc7 Rb2 54. Rd7 Ra2 55. Rb7 Rc2 56. Rd7 Ra2 {Not much happened in this game. Av CentiPawn Loss W=-1/B=-1. Weighted=-1/0} 1/2-1/2

[Event "USA-ch Women 2020"]
[Site "Saint Louis"]
[Date "2020.10.22"]
[Round "5.5"]
[White "Yu, Jennifer"]
[Black "Wang, Annie"]
[Result "1-0"]
[WhiteElo "2315"]
[BlackElo "2384"]
[Annotator "TA"]
[PlyCount "145"]
[EventDate "2020.10.21"]
[EventType "tourn"]
[EventCountry "USA"]
[SourceTitle "playchess.com"]
[Source "ChessBase"]
[SourceQuality "1"]

{[%evp 20,145,31,42,42,31,54,43,59,55,63,58,72,79,80,80,84,38,31,32,33,42,38,16,22,-10,-10,-11,0,0,0,0,0,0,0,0,48,42,70,22,27,29,36,0,0,0,0,0,31,33,58,0,17,8,104,104,95,0,0,0,0,0,62,12,9,23,620,155,151,22,120,-156,-155,-283,0,-265,-153,-183,-167,-343,-343,-299,-310,-289,-279,-270,-106,-93,-47,-70,-42,-55,0,-8,0,-8,-8,-1,456,419,5139,5139,5139,5118,4872,4134,5118,5118,5116,5102,5093,5081,29982,29983,29982,29983,29983,29984,29985,29986,29986,29987,29989,29990,29990,29991,29991,29992]} 1. c4 e6 2. Nc3 d5 3. e3 Nf6 4. Nf3 Be7 5. b3 O-O 6. Bb2 c5 7. cxd5 exd5 8. d4 Nc6 9. Be2 Bg4 10. dxc5 Bxc5 11. O-O Qd7 {D32: Tarrasch Defence: Sidelines and lines without g3.} 12. Rc1 Rad8 {[#]} 13. Nb5 $146 ({Predecessor:} 13. Na4 Be7 14. Nc5 Bxc5 15. Rxc5 Ne4 16. Rc1 Rfe8 17. Nd4 Bxe2 18. Qxe2 Nxd4 19. Bxd4 {1-0 (34) Solovchuk,A (2396)-Loy,K (2134) Yuzhny 2011}) 13... Be7 {White is slightly better.} 14. Nbd4 Nxd4 15. Qxd4 {Strongly threatening Ne5.} Bf5 16. Rfd1 a6 17. Ne5 Qe6 18. Rc7 Rc8 $1 {[%cal Rc8c7]} 19. Rdc1 Bd6 20. Rxc8 Rxc8 21. Rxc8+ Qxc8 22. h3 Qc2 23. Bf1 $1 h6 24. Ng4 Bxg4 25. hxg4 Qb1 26. a3 Bf8 27. f3 Bd6 28. Qc3 Bf8 29. Kf2 Nd7 30. Bd3 Qh1 $1 31. Bf5 Qh4+ 32. Kg1 Nc5 33. Bc2 Qg3 34. b4 Ne6 35. Bf5 (35. Qd2 $14) 35... Ng5 36. Kf1 h5 (36... Qh4 $11 {keeps the balance.}) 37. Qe5 $16 Qh4 {White should prevent ...Qh1+.} 38. Bc8 (38. Qxd5 $16 {f4 is the strong threat.} Qh1+ 39. Kf2) 38... hxg4 $40 {[%mdl 128] Black is up to no good.} 39. Bxg4 Qh1+ 40. Kf2 Qb1 (40... Qh4+ $11 41. Qg3 Qh7) 41. Bd4 (41. Bf5 $5 {[%cal Rf5b1]} Qd1 42. Qd4 Qxd4 43. Bxd4 $16) 41... Qa2+ 42. Kg3 f6 $2 {[%mdl 8192]} (42... Nh7 $11) 43. Be6+ $2 (43. Qe8 $18 {and the rest is easy.} Qb1 44. Bc5 Qe1+ 45. Kf4) 43... Kh8 $16 44. Qxd5 ({White has to play} 44. Qf5 $1 $16 Nxe6 45. Qh3+ (45. Qxe6 Qxa3 46. Qh3+ Kg8 $11) 45... Kg8 46. Qxe6+ Kh7 47. Qf7 Bd6+ 48. Kh3) 44... Qe2 (44... Qxa3 $11 45. Bf5 Qxb4) 45. Qd8 $2 {[%mdl 8192]} (45. Bf5 $16 {stays on course. Threatens to win with Qd8!} Qe1+ 46. Kg4) 45... Nxe6 $17 46. Qe8 (46. Qc8 $17 Qa2 47. Bc5) 46... Qe1+ $2 ({Better is} 46... Qc4 $19 {aiming for ...Kg8.} 47. Ba7 Kg8) 47. Kg4 $2 {[%mdl 8192] [#]} (47. Kh2 $11) 47... f5+ $1 48. Kxf5 Nxd4+ {[%mdl 64] Pin} 49. Kg4 $2 (49. Kg6 {keeps fighting.} Qg3+ {[%mdl 64] Double Attack} 50. Kf7 $1 {[%mdl 512]} Qc7+ 51. Kxf8) 49... Kg8 $19 50. Qe4 {[#]} Qh1 $1 {[%cal Rh1g2]} 51. Qd5+ Kh8 52. exd4 Qh6 $2 (52... Qxg2+ $19 {is more deadly.} 53. Kf5 Qh3+ 54. Ke4 g6) 53. Qxb7 $17 Qg6+ 54. Kh3 Qh5+ 55. Kg3 Bd6+ 56. Kf2 Qh4+ {[%mdl 64] Double Attack} 57. Ke2 Qxd4 {White must now prevent ...Qc4+.} 58. Qxa6 Bf4 $2 {[%mdl 8192] White leaves nothing to chance now.} (58... Qe5+ $11 59. Kf2 g5) 59. Qa8+ $18 Kh7 (59... Bb8 $142 60. Qxb8+ Kh7) 60. Qe4+ Qxe4+ 61. fxe4 {[%mdl 4096] Endgame KB-KP} Kg6 62. a4 Kf6 63. a5 Bc7 64. Kd3 Ke5 65. Kc4 Kxe4 {KB-K3P} 66. a6 {White mates.} Bb6 {[#]} 67. Kb5 $1 {[%cal Rb5b6]} Bf2 68. Kc6 g5 69. b5 g4 70. b6 Bxb6 71. Kxb6 Ke3 72. a7 Kf2 73. a8=Q {Av CentiPawn Loss W=-42/B=-79. Weighted=-44/-72} 1-0

[Event "USA-ch Women 2020"]
[Site "Saint Louis"]
[Date "2020.10.22"]
[Round "5.6"]
[White "Samadashvili, Martha"]
[Black "Krush, Irina"]
[Result "1/2-1/2"]
[WhiteElo "2215"]
[BlackElo "2429"]
[Annotator "TA"]
[PlyCount "92"]
[EventDate "2020.10.21"]
[EventType "tourn"]
[EventCountry "USA"]
[SourceTitle "playchess.com"]
[Source "ChessBase"]
[SourceQuality "1"]

{[%evp 9,92,3,8,-2,0,0,0,-1,-4,-4,-4,-6,0,-5,-13,-23,-3,-16,-13,-5,20,-4,28,25,15,12,16,-11,-19,-15,-15,-29,0,0,46,0,60,0,0,0,0,0,0,-7,-7,-7,-7,-7,-7,-7,-7,-7,-7,-12,-7,-20,-7,-7,-7,-34,-30,-34,-34,-34,-34,-34,-34,-34,-34,-34,-34,-44,-44,-44,-44,-135,-135,-135,-135,-135,-135,-189,-189,-189,-189]} 1. e4 c5 2. Nf3 e6 3. g3 Nc6 4. Bg2 Nf6 5. Qe2 e5 6. c3 {B40: Sicilian: 2...e6, Unusual lines.} Be7 7. O-O O-O 8. Na3 {The position is equal.} Re8 9. d3 h6 10. Nc4 d6 11. Rd1 Bf8 {[#]} 12. Bd2 $146 ({Predecessor:} 12. a4 g6 13. Nfd2 Bg4 14. Bf3 Be6 15. Nf1 Bg7 16. Nfe3 d5 17. exd5 Nxd5 18. Ng4 {½-½ (71) Belozerov,A (2528)-Alekseev,E (2639) St Petersburg 2018}) 12... b5 13. Ne3 Be6 14. Be1 Qb6 15. Nh4 Rab8 16. f4 b4 17. f5 Bd7 18. c4 Nd4 19. Qf2 Qd8 20. g4 Nh7 21. Nf3 Be7 22. h4 g5 ({Better is} 22... Nf6 $11) 23. h5 (23. Nd5 $14) 23... Nf6 24. Bh3 a5 {[%cal Ba7a5,Ba5a4][%mdl 32]} 25. Nd2 a4 26. Rdc1 Qc8 27. Nd5 Bd8 28. Nxf6+ Bxf6 29. Nf1 Bd8 30. Ne3 Bc6 31. Bg2 f6 32. Kh2 Kg7 33. Qd2 Ba5 34. Qf2 Qc7 35. Qd2 Ra8 36. Qf2 Reb8 37. Kh3 Rb7 38. Bf1 Qb8 39. Bg2 b3 {[#] Strongly threatening ...a3!} 40. a3 Bxe1 41. Qxe1 Nc2 42. Qd2 (42. Nxc2 $15 bxc2 43. Rxc2) 42... Nxa1 $17 {Black is clearly better.} 43. Rxa1 Qa7 44. Re1 Qa5 45. Qxa5 (45. Qe2 $17 {might work better.}) 45... Rxa5 $19 46. Nd1 Ra8 {Av CentiPawn Loss W=-10/B=-5. Weighted=-10/-5} 1/2-1/2

[Event "USA-ch Women 2020"]
[Site "Saint Louis"]
[Date "2020.10.22"]
[Round "6.1"]
[White "Cervantes Landeiro, Thalia"]
[Black "Krush, Irina"]
[Result "0-1"]
[WhiteElo "2311"]
[BlackElo "2429"]
[Annotator "ChessBase"]
[PlyCount "178"]
[EventDate "2020.10.21"]
[EventType "tourn"]
[EventCountry "USA"]
[SourceTitle "playchess.com"]
[Source "ChessBase"]
[SourceQuality "1"]
[TimeControl "1500+5"]

1. d4 {[%emt 0:00:05]} d6 {[%emt 0:00:05]} 2. c4 {[%emt 0:00:03]} e5 {[%emt 0:00:06]} 3. d5 {[%emt 0:00:02]} Be7 {[%emt 0:00:03]} 4. Nc3 {[%emt 0:01:20]} Bg5 {[%emt 0:00:19]} 5. e4 {[%emt 0:04:56]} Bxc1 {[%emt 0:00:19]} 6. Qxc1 {[%emt 0:00:30]} a5 {[%emt 0:00:39]} 7. Be2 {[%emt 0:01:05]} Nf6 {[%emt 0:00:34]} 8. Nf3 {[%emt 0:00:20]} Na6 {[%emt 0:00:16]} 9. O-O {[%emt 0:00:39]} Bg4 {[%emt 0:02:38]} 10. Nd2 {[%emt 0:00:57]} Bd7 {[%emt 0:01:46]} 11. Bd1 {[%emt 0:01:48]} Nc5 {[%emt 0:00:19]} 12. Bc2 {[%emt 0:00:11]} O-O {[%emt 0:00:37]} 13. b3 {[%emt 0:00:51]} c6 {[%emt 0:00:41]} 14. a3 {[%emt 0:00:52]} Qb6 {[%emt 0:01:14]} 15. Rb1 {[%emt 0:00:41]} cxd5 {[%emt 0:04:02]} 16. exd5 {[%emt 0:00:17]} Na6 {[%emt 0:00:41]} 17. b4 {[%emt 0:02:56]} axb4 {[%emt 0:00:08]} 18. axb4 {[%emt 0:00:03]} Rfc8 {[%emt 0:00:44]} 19. Qb2 {[%emt 0:00:38]} Qd4 {[%emt 0:02:23]} 20. Rbd1 {[%emt 0:02:18]} Qh4 {[%emt 0:02:32]} 21. Bd3 {[%emt 0:00:42]} Qd4 {[%emt 0:04:01]} 22. Be2 {[%emt 0:01:23]} Qb6 {[%emt 0:00:17]} 23. Rb1 {[%emt 0:00:57]} Bf5 {[%emt 0:00:11]} 24. Na4 {[%emt 0:00:06]} Qd8 {[%emt 0:00:41]} 25. Rbc1 {[%emt 0:00:13]} Nd7 {[%emt 0:00:24]} 26. Qb3 {[%emt 0:01:02]} Nb6 {[%emt 0:00:17]} 27. Nb2 {[%emt 0:00:03]} Nd7 {[%emt 0:00:13]} 28. Bd3 {[%emt 0:00:49]} Bxd3 {[%emt 0:00:39]} 29. Nxd3 {[%emt 0:00:00]} Qb6 {[%emt 0:00:06]} 30. Rb1 {[%emt 0:00:15]} Qd4 {[%emt 0:00:11]} 31. Rfe1 {[%emt 0:00:57]} Nf6 {[%emt 0:00:18]} 32. Rbd1 {[%emt 0:00:16]} e4 {[%emt 0:00:06]} 33. Nb2 {[%emt 0:00:04]} Re8 {[%emt 0:00:07]} 34. Nf1 {[%emt 0:00:22]} Qb6 {[%emt 0:00:02]} 35. b5 {[%emt 0:00:07]} Nc5 {[%emt 0:00:02]} 36. Qg3 {[%emt 0:00:01]} Ra2 {[%emt 0:00:05]} 37. Rb1 {[%emt 0:00:04]} Qa5 {[%emt 0:00:09]} 38. Qe3 {[%emt 0:00:10]} g6 {[%emt 0:00:03]} 39. Qd4 {[%emt 0:00:03]} Nfd7 {[%emt 0:00:03]} 40. Nd1 {[%emt 0:00:03]} Qxe1 {[%emt 0:00:09]} 41. Nc3 {[%emt 0:00:04]} Qxf2+ {[%emt 0:00:06]} 42. Qxf2 {[%emt 0:00:01]} Rxf2 {[%emt 0:00:01]} 43. Kxf2 {[%emt 0:00:00]} Ra8 {[%emt 0:00:05]} 44. Ne3 {[%emt 0:00:11]} f5 {[%emt 0:00:02]} 45. g3 {[%emt 0:00:02]} Kf7 {[%emt 0:00:05]} 46. Nc2 {[%emt 0:00:07]} Nb6 {[%emt 0:00:06]} 47. Ne3 {[%emt 0:00:07]} Ra3 {[%emt 0:00:01]} 48. Ncd1 {[%emt 0:00:06]} Ra2+ {[%emt 0:00:07]} 49. Kg1 {[%emt 0:00:04]} Kf6 {[%emt 0:00:05]} 50. Nc3 {[%emt 0:00:06]} Ra3 {[%emt 0:00:05]} 51. Ncd1 {[%emt 0:00:03]} Ke5 {[%emt 0:00:02]} 52. Kf2 {[%emt 0:00:04]} Ra2+ {[%emt 0:00:08]} 53. Kg1 {[%emt 0:00:08]} Kd4 {[%emt 0:00:08]} 54. Rc1 {[%emt 0:00:04]} Nd3 {[%emt 0:00:11]} 55. Rc3 {[%emt 0:00:11]} Na4 {[%emt 0:00:04]} 56. Rb3 {[%emt 0:00:05]} Ra1 {[%emt 0:00:06]} 57. Kg2 {[%emt 0:00:03]} Ke5 {[%emt 0:00:03]} 58. h4 {[%emt 0:00:02]} h6 {[%emt 0:00:04]} 59. Kh2 {[%emt 0:00:08]} g5 {[%emt 0:00:03]} 60. hxg5 {[%emt 0:00:01]} hxg5 {[%emt 0:00:00]} 61. Kg2 {[%emt 0:00:02]} f4 {[%emt 0:00:05]} 62. gxf4+ {[%emt 0:00:04]} gxf4 {[%emt 0:00:01]} 63. Ng4+ {[%emt 0:00:00]} Kd4 {[%emt 0:00:04]} 64. Ndf2 {[%emt 0:00:09]} Ra2 {[%emt 0:00:06]} 65. Kf1 {[%emt 0:00:07]} Nac5 {[%emt 0:00:05]} 66. Rb1 {[%emt 0:00:07]} e3 {[%emt 0:00:07]} 67. Nxd3 {[%emt 0:00:07]} Nxd3 {[%emt 0:00:05]} 68. c5 {[%emt 0:00:07]} e2+ {[%emt 0:00:06]} 69. Kg1 {[%emt 0:00:01]} Nxc5 {[%emt 0:00:11]} 70. Nf2 {[%emt 0:00:06]} Rd2 {[%emt 0:00:09]} 71. Kg2 {[%emt 0:00:06]} Kxd5 {[%emt 0:00:05]} 72. Kf3 {[%emt 0:00:03]} Nd3 {[%emt 0:00:06]} 73. Nxd3 {[%emt 0:00:03]} Rxd3+ {[%emt 0:00:01]} 74. Kxe2 {[%emt 0:00:00]} Re3+ {[%emt 0:00:01]} 75. Kf2 {[%emt 0:00:01]} Kc5 {[%emt 0:00:02]} 76. Rd1 {[%emt 0:00:05]} d5 {[%emt 0:00:09]} 77. b6 {[%emt 0:00:09]} d4 {[%emt 0:00:02]} 78. Rb1 {[%emt 0:00:18]} d3 {[%emt 0:00:04]} 79. Rc1+ {[%emt 0:00:06]} Kxb6 {[%emt 0:00:03]} 80. Rc4 {[%emt 0:00:01]} Re2+ {[%emt 0:00:12]} 81. Kf3 {[%emt 0:00:01]} Rh2 {[%emt 0:00:07]} 82. Rxf4 {[%emt 0:00:07]} d2 {[%emt 0:00:03]} 83. Rd4 {[%emt 0:00:02]} Kc5 {[%emt 0:00:02]} 84. Rd8 {[%emt 0:00:03]} b5 {[%emt 0:00:04]} 85. Ke3 {[%emt 0:00:02]} Kb4 {[%emt 0:00:03]} 86. Rd5 {[%emt 0:00:13]} Ka4 {[%emt 0:00:07]} 87. Rd4+ {[%emt 0:00:13]} b4 {[%emt 0:00:02]} 88. Rxd2 {[%emt 0:00:01]} Rxd2 {[%emt 0:00:02]} 89. Kxd2 {[%emt 0:00:00]} Ka3 {[%emt 0:00:01]} 0-1